| 000 | 00942cam a2200241 a 4500 | ||
|---|---|---|---|
| 005 | 20240913063952.0 | ||
| 008 | 191105s2011 mx gr 000 0 spa d | ||
| 020 | _a9786071109323 | ||
| 035 | _aUPN01000233860 | ||
| 040 |
_aMX-MxUPN _bspa _cMX-MxUPN |
||
| 050 | 1 | 4 |
_aPQ9281 S2 _bZ4.685 2011 |
| 100 | 1 |
_aSaramago, José, _d1922-2010 _929596 |
|
| 245 | 1 | 3 |
_aEl último cuaderno : _btextos escritos para el blog, marzo de 2009-junio de 2010 / _cJosé Saramago ; prólogo de Umberto Eco ; traducción de Pilar del Río |
| 260 |
_aMéxico, D.F. : _bAlfaguara : _bFundación José Saramago , _c2011. |
||
| 300 | _a281 páginas | ||
| 500 | _aTítulo original: O caderno 2. | ||
| 600 | 1 | 2 |
_95581 _aSaramago, José, _d1922-2010 _vCorrespondencia, memorias, etc. |
| 700 | 1 |
_aEco, Umberto, _d1932-2016 _eprologuista _930161 |
|
| 700 | 1 |
_aRío, Pilar del, _d1950- _etraductora _944480 |
|
| 905 | _aLibro | ||
| 942 |
_2lcc _cLIBRO |
||
| 999 |
_c205955 _d205955 |
||